Karikó Katalin Az mRNS-sel kapcsolatos kérdés nincs? /

Elmentve itt :
Bibliográfiai részletek
Szerző: Szlavkovits Rita
További közreműködők: Iványi Aurél
Dokumentumtípus: Cikk
Megjelent: 2024-04-17
Sorozat:Szeged.hu
Kulcsszavak:Volt egyetemi hallgató - Karikó Katalin - Nobel-díjas biokémikus - egyetemi tanár - Adjunct Professor of Neurosurgery, University of Pennsylvania - USA, Kutatás - mRNS-technológia, Szegedi látogatás, Sajtótájékoztató, József Attila Tanulmányi és Információs Központ - TIK
Online Access:http://univ.bibl.u-szeged.hu/69852
LEADER 00975nab a2200181 i 4500
001 univ69852
005 20240417153519.0
008 240417s2024 hu o 000 hun d
040 |a SZTE UnivHistória Repozitórium  |b hun 
041 |a hun 
100 1 |a Szlavkovits Rita 
245 1 0 |a Karikó Katalin  |h [elektronikus dokumentum] :  |b Az mRNS-sel kapcsolatos kérdés nincs? /  |c  Szlavkovits Rita 
260 |c 2024-04-17 
490 0 |a Szeged.hu 
561 |a Karikó Katalin sajtóarchívum 
695 |a Volt egyetemi hallgató - Karikó Katalin - Nobel-díjas biokémikus - egyetemi tanár - Adjunct Professor of Neurosurgery, University of Pennsylvania - USA, Kutatás - mRNS-technológia, Szegedi látogatás, Sajtótájékoztató, József Attila Tanulmányi és Információs Központ - TIK 
700 0 1 |a Iványi Aurél 
856 4 0 |u http://univ.bibl.u-szeged.hu/69852/1/Szeged.hu%20-%20Karik%C3%B3%20Katalin_%20Az%20mRNS-sel%20kapcsolatos%20k%C3%A9rd%C3%A9s%20nincs_.pdf  |z Dokumentum-elérés